000
00250nam a22001097a 4500
008
170116b xxu||||| |||| 00| 0 eng d
020
_a
9780803627635
041
_a
eng
080
_2
9TH
_a
618.2
245
_a
NURSING NOW
_c
CATALANO, J.T
942
_2
udc
_c
BK
999
_c
2966
_d
2966